000 00689nam a2200229Ia 4500
003 OSt
005 20220925182431.0
006 a|||||r|||| 00| 0
007 ta
008 220923b |||||||| |||| 00| 0 eng d
037 _cGeneral Book
040 _aRTL
_cRTL
_beng
041 _2eng
_aeng
082 _aa494,(X65:5).7362.N99, N9
110 _aCOLUMBIA (University of-)
_9256346
245 0 _aPath to trade and investment liberalization.
260 _aColumbia
_bUniversity of Columbia
_c1999
300 _ax,288p.
_ccm.
700 _aCOLUMBIA (University of-)
_9256347
942 _ha494,(X65:5).7362.N99, N9
_cGB
_2CC
999 _c502228
_d502228